000 00932nam a2200205Ia 4500
003 OSt
005 20250217143039.0
007 ca aa aaaaa
008 201103s9999 xx 000 0 und d
040 _cSSBUL
041 _abur
082 _a၂၉၄.၃၄၃၅၀၉
_bနန်း
100 _a နန်း ၊ ကို ၊ သုတေသီ -
_916395
245 1 0 _aကိုးထပ်ကြီးဘုရားမှ အစပြုရသော ကြီးကိုးကြီး အဓိဋ္ဌာန်ကျောက်တုံး ဖြစ်ရပ်မှန်များ /
_cသုတေသီကိုနန်း။
260 _aရန်ကုန် ၊
_bကမ္ဘာလုံးစာပေ၊
_c၁၉၉၆။
300 _a၁၀၄ စာမျက်နှာ ၊
_bဓါတ်ပုံများ ၊
_c၁၇ စင်တီ။
942 _cBK1
_2ddc
942 _2ddc
942 _2ddc
999 _c15289
_d15289